Groups that work : (Record no. 3206)
[ view plain ]
| 000 -LEADER | |
|---|---|
| fixed length control field | 01157pam a2200217 a 4500 |
| 020 ## - INTERNATIONAL STANDARD BOOK NUMBER | |
| ISBN | 0231057385 (alk. paper) : |
| 050 00 - CALL NUMBER | |
| Classification number | HV40 |
| Item number | .E64 |
| 100 1# - AUTHOR | |
| Personal name | Ephross, Paul H. |
| 245 10 - TITLE | |
| Title | Groups that work : |
| Remainder of title | structure and process / |
| Statement of responsibility, etc | Paul H. Ephross and Thomas V. Vassil. |
| 260 ## - PUBLICATION INFORMATION | |
| Place of publication | New York : |
| Name of publisher | Columbia University Press, |
| Year of publication | 1988. |
| 300 ## - DESCRIPTION | |
| Number of Pages | xiv, 230 p. ; |
| Dimensions | 24 cm. |
| 500 ## - NOTES | |
| General note | Includes index. |
| 505 ## - FORMATTED CONTENTS NOTE | |
| Table of Content | TABLE OF CONTENTS --<br/>Working in groups --<br/>Angles of approach to understanding work groups --<br/>Toward a model of working groups --<br/>The democratic microcosm --<br/>Group structures and group processes --<br/>Conflict --<br/>Leadership in working groups --<br/>Group problem solving and decision making --<br/>Technologies for group maintenance, operation, and productivity --<br/>Organizational settings and styles --<br/>Recurring problems in group --<br/>Educating for professional practice with working groups. |
| 650 #0 - SUBJECTS | |
| Topical Term | Social work administration. |
| 650 #0 - SUBJECTS | |
| Topical Term | Health services administration. |
| 650 #0 - SUBJECTS | |
| Topical Term | Small groups. |
| 650 #0 - SUBJECTS | |
| Topical Term | Social service |
| General subdivision | Teamwork. |
| 650 #0 - SUBJECTS | |
| Topical Term | Organizational effectiveness. |
| 700 1# - OTHER AUTHORS | |
| Personal name | Vassil, Thomas V. |
| 942 ## - ADDED ENTRY ELEMENTS (KOHA) | |
| Koha item type | Books |
| Withdrawn status | Lost status | Collection code | Home library | Current library | Shelving location | Date acquired | Full call number | Accession Number | Copy number | Koha item type |
|---|---|---|---|---|---|---|---|---|---|---|
| Reference | Methodist University Library Main | Methodist University Library Main | General Stacks | HV40 .E64 | 36355 | 1 | Books |